E- learning and disability in higher education: Accessibility research and practice (Record no. 1394665)

MARC details
000 -LEADER
fixed length control field 00630nam a2200217Ia 4500
005 - DATE AND TIME OF LATEST TRANSACTION
control field 20250508165348.0
008 - FIXED-LENGTH DATA ELEMENTS--GENERAL INFORMATION
fixed length control field 008 250505s9999 xx 000 0 eng d
020 ## - INTERNATIONAL STANDARD BOOK NUMBER
International Standard Book Number 978-0-415-62941-6
037 ## - SOURCE OF ACQUISITION
Stock number Textual
040 ## - CATALOGING SOURCE
Original cataloging agency FEDL
Language of cataloging eng
Transcribing agency FEDL
041 ## - LANGUAGE CODE
Language code of text/sound track or separate title eng
Source of code eng
084 ## - COLON CLASSIFICATION NUMBER
Classification number 378.173 4, SEA
Assigning agency FEDL
100 ## - MAIN ENTRY--PERSONAL NAME
Personal name Seale K
9 (RLIN) 780609
245 #0 - TITLE STATEMENT
Title E- learning and disability in higher education: Accessibility research and practice
250 ## - EDITION STATEMENT
Edition statement 2
260 ## - PUBLICATION, DISTRIBUTION, ETC.
Place of publication, distribution, etc. Abingdon, UK
Name of publisher, distributor, etc. Routledge
Date of publication, distribution, etc. 2014
300 ## - PHYSICAL DESCRIPTION
Extent x, 268p.
365 ## - TRADE PRICE
Price type code GBP
Price amount 24.95
942 ## - ADDED ENTRY ELEMENTS (KOHA)
Koha item type Textual
Classification part 378.173 4, SEA
Holdings
Withdrawn status Lost status Damaged status Not for loan Home library Current library Date acquired Cost, normal purchase price Total Checkouts Full call number Barcode Date last seen Price effective from Koha item type
        Department of Education Library Department of Education Library 2025-05-08 24.95   378.173 4, SEA EL0088304 2025-05-08 2025-05-08 Textual
Copyright @ Delhi University Library System